[Event "Campo Grande Brasil op"]
[Site "Campo Grande"]
[Date "2015.10.12"]
[Round "7"]
[White "Mendonca, Erico"]
[Black "De Oliveira, Fernando Marques"]
[Result "0-1"]
[WhiteElo "1819"]
[BlackElo "1786"]
[PlyCount "58"]
[EventDate "2015.10.09"]
[EventType "swiss"]
[EventRounds "7"]
[EventCountry "BRA"]
[SourceTitle "CBM 168 Extra"]
[Source "ChessBase"]
[SourceDate "2015.10.29"]
[SourceVersion "1"]
[SourceVersionDate "2015.10.29"]
[SourceQuality "1"]

1. d4 d5 2. e3 Nf6 3. Bd3 e6 4. Nd2 c5 5. c3 Nc6 6. f4 cxd4 7. exd4 Bd6 8. Ngf3 Bd7 9. Ne5 Bxe5 10. fxe5 Ne4 11. Qg4 Qa5 12. Nf3 0-0-0 13. 0-0 f5 14. exf6 Nxf6 15. Qxg7 Rdf8 16. Ne5 Rhg8 17. Qh6 Nxe5 18. Rxf6 Rxf6 19. Qxf6 Nxd3 20. Qf7 Qd8 21. Be3 Qf8 22. Qxh7 Qg7 23. Qh3 e5 24. Qf3 e4 25. Qe2 Bg4 26. Qd2 Bf3 27. g3 Rh8 28. Bf4 Qg4 29. Be3 Rxh2 0-1

[Event "Campo Grande Brasil op"]
[Site "Campo Grande"]
[Date "2015.10.11"]
[Round "5"]
[White "De Oliveira, Fernando Marques"]
[Black "Da Silva, Joao Carlos Orguim"]
[Result "1-0"]
[WhiteElo "1786"]
[BlackElo "1821"]
[PlyCount "61"]
[EventDate "2015.10.09"]
[EventType "swiss"]
[EventRounds "7"]
[EventCountry "BRA"]
[SourceTitle "CBM 168 Extra"]
[Source "ChessBase"]
[SourceDate "2015.10.29"]
[SourceVersion "1"]
[SourceVersionDate "2015.10.29"]
[SourceQuality "1"]

1. e4 c5 2. Nc3 d6 3. f4 Nc6 4. g3 g6 5. Bg2 Bg7 6. d3 Nf6 7. Nf3 0-0 8. 0-0 Qb6 9. Kh1 Bg4 10. h3 Bd7 11. Ne2 Rab8 12. c3 Qc7 13. Be3 b5 14. Qd2 a5 15. g4 h5 16. g5 Nh7 17. Nh4 e6 18. Ng3 Ne7 19. Qe2 f5 20. gxf6 Rxf6 21. f5 exf5 22. exf5 Bxf5 23. Nhxf5 Nxf5 24. Nxf5 Rxf5 25. Rxf5 gxf5 26. Bd5+ Kf8 27. Qxh5 Nf6 28. Qxf5 Re8 29. Bh6 Qd8 30. Rg1 Bxh6 31. Rg8+ 1-0

[Event "Porto Alegre Oncolinos op"]
[Site "Porto Alegre"]
[Date "2013.11.17"]
[Round "6"]
[White "De Oliveira, Fernando Marques"]
[Black "Rosa, Dorli Ramses"]
[Result "0-1"]
[WhiteElo "1800"]
[BlackElo "1851"]
[PlyCount "64"]
[EventDate "2013.11.14"]
[EventType "swiss"]
[EventRounds "7"]
[EventCountry "BRA"]
[SourceTitle "EXT 2015"]
[Source "ChessBase"]
[SourceDate "2014.11.20"]
[SourceVersion "1"]
[SourceVersionDate "2014.11.20"]
[SourceQuality "1"]

1. e4 c5 2. Nf3 d6 3. d4 cxd4 4. Nxd4 Nf6 5. Nc3 a6 6. Bg5 e6 7. f4 Qc7 8. Qf3 Be7 9. 0-0-0 Bd7 10. g4 Nc6 11. Kb1 Nxd4 12. Rxd4 b5 13. Bg2 Rc8 14. Rd2 b4 15. Ne2 Bc6 16. Bxf6 Bxf6 17. g5 Be7 18. h4 d5 19. e5 Bc5 20. h5 a5 21. Nd4 Bxd4 22. Rxd4 Ba4 23. Rc1 Bxc2+ 24. Ka1 Qb7 25. Qe3 Bf5 26. b3 Ke7 27. Rcd1 Rc2 28. R4d2 Rhc8 29. Qg3 Qb6 30. Bh3 Bxh3 31. Qxh3 Rxd2 32. Rxd2 Qg1+ 0-1

[Event "Porto Alegre Oncolinos op"]
[Site "Porto Alegre"]
[Date "2013.11.17"]
[Round "7"]
[White "Pereira, Armando Scharlau"]
[Black "De Oliveira, Fernando Marques"]
[Result "1-0"]
[WhiteElo "1736"]
[BlackElo "1800"]
[PlyCount "151"]
[EventDate "2013.11.14"]
[EventType "swiss"]
[EventRounds "7"]
[EventCountry "BRA"]
[SourceTitle "EXT 2015"]
[Source "ChessBase"]
[SourceDate "2014.11.20"]
[SourceVersion "1"]
[SourceVersionDate "2014.11.20"]
[SourceQuality "1"]

1. Nf3 Nf6 2. d4 d5 3. c4 g6 4. Nc3 Bg7 5. cxd5 Nxd5 6. e4 Nxc3 7. bxc3 0-0 8. Bc4 c5 9. 0-0 cxd4 10. cxd4 Nc6 11. Be3 Bg4 12. Rb1 b6 13. e5 Na5 14. Be2 Qd5 15. Qa4 Bd7 16. Qa3 e6 17. Nd2 Bc6 18. Bf3 Qd7 19. Bxc6 Nxc6 20. Qb2 Rfc8 21. Ne4 Ne7 22. Bg5 Nd5 23. h4 h6 24. Be3 Qe7 25. g3 Rc7 26. Rfc1 Rac8 27. Nd6 Rxc1+ 28. Rxc1 Rxc1+ 29. Qxc1 Kh7 30. Bd2 Qd7 31. Qc2 a6 32. h5 b5 33. hxg6+ fxg6 34. Qd3 Ne7 35. Qf3 Nd5 36. Qh1 b4 37. Ne4 Qa4 38. Kg2 Qc2 39. Ng5+ Kg8 40. Nf3 h5 41. Qc1 Qxc1 42. Bxc1 Kf7 43. Ng5+ Ke7 44. Ne4 Nc7 45. Kf1 Kd7 46. Ke2 Kc6 47. Kd3 Bf8 48. Kc4 Be7 49. Bd2 a5 50. Bg5 Nd5 51. Bxe7 Nxe7 52. Nc5 g5 53. Nxe6 h4 54. Nxg5 hxg3 55. fxg3 Nd5 56. Nf3 Nb6+ 57. Kb3 Kd5 58. g4 Ke4 59. Nd2+ Kxd4 60. e6 Nd5 61. g5 Ne7 62. Ka4 Ke5 63. Kxa5 Kxe6 64. Kxb4 Kf5 65. a4 Kxg5 66. Kc5 Kf5 67. a5 Ke6 68. Kb6 Kd7 69. Kb7 Nf5 70. Nc4 Nd4 71. Na3 Ne6 72. Nc4 Nd8+ 73. Kb6 Nc6 74. a6 Ne7 75. Ka7 Nd5 76. Nb6+ 1-0

[Event "Porto Alegre Oncolinos op"]
[Site "Porto Alegre"]
[Date "2013.11.16"]
[Round "5"]
[White "Bueno, Alfeu Varela Jr"]
[Black "De Oliveira, Fernando Marques"]
[Result "1-0"]
[WhiteElo "2284"]
[BlackElo "1800"]
[PlyCount "69"]
[EventDate "2013.11.14"]
[EventType "swiss"]
[EventRounds "7"]
[EventCountry "BRA"]
[SourceTitle "EXT 2015"]
[Source "ChessBase"]
[SourceDate "2014.11.20"]
[SourceVersion "1"]
[SourceVersionDate "2014.11.20"]
[SourceQuality "1"]

1. e4 c5 2. Nc3 Nc6 3. f4 d6 4. Nf3 g6 5. Bb5 Bd7 6. d3 Bg7 7. 0-0 e6 8. Bxc6 Bxc6 9. f5 Nf6 10. Qe1 gxf5 11. exf5 e5 12. Ne4 Rg8 13. Bg5 h6 14. Bh4 Bxe4 15. dxe4 Qb6 16. b3 0-0-0 17. c4 Bh8 18. Nd2 Rg4 19. h3 Rgg8 20. Nb1 Qc6 21. Nc3 Rd7 22. Nd5 Nxd5 23. cxd5 Qb6 24. f6 Rg6 25. Rf3 Rd8 26. Rc1 Rdg8 27. Rc2 Kb8 28. Kh1 Qd8 29. Qf1 Qa5 30. g4 Rc8 31. Qc1 Qd8 32. Rcf2 Rc7 33. Rc2 Bxf6 34. Rxf6 Rxf6 35. Rf2 1-0

[Event "Porto Alegre Oncolinos op"]
[Site "Porto Alegre"]
[Date "2013.11.15"]
[Round "3"]
[White "Carlos, Eduardo"]
[Black "De Oliveira, Fernando Marques"]
[Result "0-1"]
[WhiteElo "1741"]
[BlackElo "1800"]
[PlyCount "78"]
[EventDate "2013.11.14"]
[EventType "swiss"]
[EventRounds "7"]
[EventCountry "BRA"]
[SourceTitle "EXT 2015"]
[Source "ChessBase"]
[SourceDate "2014.11.20"]
[SourceVersion "1"]
[SourceVersionDate "2014.11.20"]
[SourceQuality "1"]

1. e4 c5 2. Nf3 d6 3. d4 cxd4 4. Nxd4 Nf6 5. Nc3 a6 6. Be2 e5 7. Nb3 Be6 8. Bg5 Be7 9. Qd2 Nbd7 10. 0-0 0-0 11. Rad1 Qc7 12. f4 exf4 13. Qxf4 Ne5 14. Bxf6 Bxf6 15. Nd5 Bxd5 16. exd5 Qxc2 17. Rd2 Qc7 18. Qg3 Qe7 19. Nd4 g6 20. Nf5 Qd8 21. Nh6+ Kh8 22. Ng4 Nxg4 23. Qxg4 Kg7 24. Kh1 Rc8 25. Bd1 Rc1 26. Rdf2 Be5 27. Bc2 Rxf1+ 28. Rxf1 Qa5 29. h4 Qb5 30. Qf3 Qxb2 31. Bb1 Qd4 32. g4 h5 33. Bxg6 Qxg4 34. Qxg4 hxg4 35. Bf5 Rh8 36. Kg2 Rxh4 37. a4 Rh2+ 38. Kg1 g3 39. Be4 Bd4+ 0-1

[Event "Anapolis Interior-ch"]
[Site "Anapolis"]
[Date "2012.08.03"]
[Round "2"]
[White "De Oliveira, Fernando Marques"]
[Black "Dos Santos, Olavo Luis"]
[Result "1-0"]
[WhiteElo "1810"]
[BlackElo "1679"]
[PlyCount "69"]
[EventDate "2012.08.03"]
[EventType "swiss"]
[EventRounds "6"]
[EventCountry "BRA"]
[SourceTitle "EXT 2014"]
[Source "ChessBase"]
[SourceDate "2013.11.20"]
[SourceVersion "1"]
[SourceVersionDate "2013.11.20"]
[SourceQuality "1"]

1. e4 c5 2. Nf3 g6 3. Bc4 Bg7 4. 0-0 Nc6 5. c3 Nf6 6. Re1 d6 7. d4 cxd4 8. Nxd4 0-0 9. Bg5 Qb6 10. Qd2 Ne5 11. Bb3 Bd7 12. Na3 Rac8 13. Nac2 Nc4 14. Bxc4 Rxc4 15. Ne3 Rc5 16. Bxf6 exf6 17. Nd5 Qd8 18. Rad1 Rc8 19. Qf4 Be6 20. Ne3 Bxa2 21. Ra1 Be6 22. Rxa7 Qb6 23. Rea1 Qxb2 24. Nxe6 fxe6 25. Qxd6 Rxc3 26. Qxe6+ Kh8 27. h3 Rc1+ 28. Rxc1 Qxc1+ 29. Kh2 Qc7+ 30. g3 Rb8 31. Nd5 Qe5 32. Qd7 Qxe4 33. Rxb7 Rg8 34. Nxf6 Qf3 35. Qxg7+ 1-0